| 000 | 00845nac a22002657a 4500 | ||
|---|---|---|---|
| 001 | BR9801512 | ||
| 003 | BR-BrBNA | ||
| 005 | 20240105122056.0 | ||
| 008 | 230509b bl.|||m| |||| 00| 0 por d | ||
| 040 |
_aBR-BrBNA _bpor _cBiblioteca Nacional de Agricultura |
||
| 072 | _aP40 | ||
| 090 | _aP40 BR9801512 | ||
| 100 | 1 | _aReis, A.C. de S. | |
| 100 | 1 | _aLacerda, F.F. | |
| 100 | 1 | _aMoura, G.B. da A. | |
| 110 | 1 | _aEmpresa Pernambucana de Pesquisa Agropecuaria, Recife (Brasil) | |
| 245 | 1 | _aGlossario de termos e expressoes comuns em meteorologia | |
| 260 | 3 |
_aRecife, PE (Brasil): _c1996. |
|
| 300 | _a27 p. | ||
| 490 |
_aDocumentos - Empresa Pernambucana de Pesquisa Agropecuaria (Brazil) _vno. 23 _x |
||
| 650 | _aMeteorologia | ||
| 650 | _aDocumentacao | ||
| 909 |
_a202312 _bLúcia Elande _c55 _dLúcia Elande |
||
| 942 |
_2AGRIS _n0 _cMS |
||
| 999 |
_c289067 _d289067 |
||